Kingdom of Bhutan at the United Nations / (Record no. 4554)

MARC details
000 -LEADER
fixed length control field 00786cam a2200229 4500
001 - CONTROL NUMBER
control field 5419
005 - DATE AND TIME OF LATEST TRANSACTION
control field 20181127175509.0
008 - FIXED-LENGTH DATA ELEMENTS--GENERAL INFORMATION
fixed length control field 991105s1999 ii 001 0 eng
010 ## - LIBRARY OF CONGRESS CONTROL NUMBER
LC control number 99940671
020 ## - INTERNATIONAL STANDARD BOOK NUMBER
International Standard Book Number 9789993677666 (v.II)
International Standard Book Number 9789993677666(v.I)
042 ## - AUTHENTICATION CODE
Authentication code lcode
043 ## - GEOGRAPHIC AREA CODE
Geographic area code a-ii---
245 00 - TITLE STATEMENT
Title Kingdom of Bhutan at the United Nations /
Statement of responsibility, etc. Compiled by Lyonpo Dago Tshering ; edited by Ugyen Penjor (Editor, Kuensel).
260 ## - PUBLICATION, DISTRIBUTION, ETC.
Place of publication, distribution, etc. Thimphu :
Name of publisher, distributor, etc. Bhutan,
Date of publication, distribution, etc. 2015.
300 ## - PHYSICAL DESCRIPTION
Extent 2 vol. : Various pages.
Dimensions
520 ## - SUMMARY, ETC.
Summary, etc. Compilation of speeches by Bhutan delegations to United Nations.
610 20 - SUBJECT ADDED ENTRY--CORPORATE NAME
Corporate name or jurisdiction name as entry element United Nations
Geographic subdivision Bhutan.
650 ## - SUBJECT ADDED ENTRY--TOPICAL TERM
Topical term or geographic name entry element Speeches, addresses, etc. --
Form subdivision
General subdivision
Chronological subdivision
Geographic subdivision Bhutan
Source of heading or term
651 #0 - SUBJECT ADDED ENTRY--GEOGRAPHIC NAME
Geographic name Bhutan
General subdivision Foreign relations.
Holdings
Withdrawn status Lost status Source of classification or shelving scheme Damaged status Not for loan Collection code Home library Current library Shelving location Serial Enumeration / chronology Inventory number Total Checkouts Total Renewals Full call number Barcode Date last seen Date last checked out Price effective from Koha item type
    Dewey Decimal Classification     Main TEST RTC Library RTC Library Main opac 1 8759 1 1 954.98 KIN 30008667 01/10/2019 18/09/2019 27/11/2018 Main
    Dewey Decimal Classification     Main TEST RTC Library RTC Library Main opac 2 8760 1 1 954.98 KIN 30009736 30/10/2019 01/10/2019 27/11/2018 Main
Royal Thimphu College || All Right Reserved